000 00519nam a2200205Ia 4500
001 15021
003 GE_BSU
008 181216s||||||||xx |||||||||||||| ||und||
040 _cGE_BSU
080 _a514.1
100 _aВасильев,Н.Б. Гутенмахер, В.П.
245 _aПрямые и кривые
245 _cРед.А.Ф.Лапко
260 _aМосква
260 _bНаука
260 _c1978
300 _a157стр.20см.
653 _aПрямые и кривые
942 _cBK
999 _c48140
_d48140